000 00625nam a2200241 i 4500
001 C2-0020523
003 PPAK
005 20190630221950.0
008 970202s1992 enka|||| ||||| | eng d
020 _a0091771986
040 _aPPAK
_beng
_cPPAK
_erda
082 0 4 _a796.3422
_223
090 0 0 _a796.3422
_bBAR
_dG
100 1 _aBaker, Sue,
_eauthor
245 1 0 _aGo and play tennis
264 1 _aLondon :
_bStanley Paul ,
_c1992
300 _a94 pages :
_billustrations ;
_c25 cm
336 _2rdacontent
_atext
337 _2rdamedia
_aunmediated
338 _2rdacarrier
_avolume
650 1 0 _aTennis
942 _ddc
_cB
999 _c4307
_d4307